000 00428nam a2200169Ia 4500
008 100601t1963 xxu||||| |||| 00| 0 sin d
041 _asin
080 _aX8S31
_bBOT
100 _aBotheju, Letieshia
245 _aගග අද්දර
246 _aGanga Addara 27
260 _bGunasena
_aColombo
_c1963
_c1980
_c1995
300 _a232p., 16 cm
942 _cBK
999 _c74092
_d74092
003 LK-CoDNM
040 _aLK-CoDNM
_dLK-CoDNM
_eLK-CoDNM